000 00998nam a22002777a 4500
001 03909
003 HDC
007 cr bn ---aaaaa
008 210113t2016 flu||||| |||| 00| 0 eng
020 _a978-1-4398-1753-7
040 _aHDC
245 0 _aAgricultural Acarology: Introduction to Integrated Mite Management. Chapter 18 :
_bIntegrated Mite Management in Citrus in Florida and California
260 _a Boca Raton, Florida:
_bCRC Press,
_c2016
300 _a12 pages
336 _atext
_2rdacontent
337 _acomputer
_2rdamedia
338 _aonline resource
_2rdacarrier
500 _aIncludes bibliographical references
650 _aAgricultural Acarology
_93759
650 _aCitrus production
_93833
650 _aMite Management
_93760
856 _zRequest full-text at [email protected]
942 _2lcc
942 _cCHAP
942 _kEBCH 001740
999 _c1234
_d1234